| 000 | 01366nam0a22003131 4500 | ||
|---|---|---|---|
| 001 | rc\4493881 | ||
| 005 | 20130416172822.3 | ||
| 021 |
_aRU _b[57-33427] |
||
| 035 | _a(NLR Aleph) 008610269 | ||
| 090 |
_a8759311 _c8759311 |
||
| 100 | _a20130416d1957 |||y0rusy50 ca | ||
| 101 | 0 | _arus | |
| 102 | _aRU | ||
| 105 | _aa z ||||| | ||
| 200 | 1 |
_aПроизводственные достижения Южноукраинской геологической экспедиции _eУкр. геол. упр. _f[Всесоюз. пром. выставка] |
|
| 210 |
_aМосква _cГосгеолтехиздат _d1957 |
||
| 215 |
_a22 с. _cил. _d22 |
||
| 225 | 1 |
_a[Опыт работы новаторов геологической службы] _fМ-во геологии и охраны недр СССР |
|
| 300 | _aПеред загл. авт.: И.В. Коренев, С.Е. Перьков, И.П. Мысовский. На обл. авт. не указаны | ||
| 606 |
_aГеолого-разведочные работы _yУкраинская ССР _2psbo |
||
| 606 |
_aБурение разведочное _2psbo |
||
| 700 | 1 |
_aКоренев _bИ. В. |
|
| 701 | 1 |
_aМысовский _bИ. П. |
|
| 701 | 1 |
_aПерьков _bС. Е. |
|
| 801 | 0 |
_aRU _bNLR _gpsbo |
|
| 801 | 1 |
_aRU _bELAR _2rusmarc |
|
| 852 |
_aNLR _j57-6/4308 |
||
| 942 | _cBOOK | ||
| 980 | _aNB | ||